01128nab a22002417a 4500999001500000003000400015005001700019008004100036040000700077100002900084245011200113260007300225300001500298500003700313505016700350505008100517650002300598650004600621650001800667650003300685773015500718942001300873 c6506d6506OSt20260213123852.0190429b xxu||||| |||| 00| 0 spa d cPJ 94642aVaninetti, Hugo A.10aConductas contra la integridad sexual en el metaverso. Los desafíos que se avecinan /cHugo A. Vaninetti. cCiudad Autónoma de Buenos Aires :aThomson Reuters La Ley, b2024. ap. 179-192 aCita: TR LALEY AR/DOC/1953/2023. aSumario: I. Introducción. — II. Conceptos introductorios. Realidad virtual, realidad aumentada y realidad mixta. — III. Metaverso. — IV. Palabras finales. tSi te interesa el texto completo, solicitalo a koha@justierradelfuego.gov.ar 09343aDERECHO PENAL 092902aDELITOS CONTRA LA INTEGRIDAD SEXUAL 09281aINTERNET 096081aCIENCIA Y TECNOLOGÍA0 0265893164tRevista de derecho penal y criminología. Nº 7 - Junio 2024dCiudad Autónoma de Buenos Aires : Thomson Reuters La Ley, 2017-x00347914 2udccANA